000 00511nam a2200193Ia 4500
005 20250508152159.0
008 008 250505s9999 xx 000 0 eng d
037 _aTextual
040 _aFEDL
_beng
_cFEDL
041 _aeng
_2eng
084 _a371.8, DET
_qFEDL
100 _aDetjen Mary Ford
245 0 _aYour high school days
250 _a2nd
260 _aNew York, USA
_bMcGraw-Hill Book Company
_c1958
300 _a246p.
942 _cTEXL
_h371.8, DET
999 _c1334797
_d1334797